[Event "LTU-ch sf"]
[Site "Kaunas"]
[Date "2024.03.06"]
[Round "1"]
[White "Vaitiekunas, Motiejus"]
[Black "Sibajeva, Marija"]
[Result "0-1"]
[WhiteElo "1563"]
[BlackElo "1997"]
[PlyCount "62"]
[EventDate "2024.03.06"]
[EventType "swiss"]
[EventRounds "8"]
[EventCountry "LTU"]
[SourceTitle "CB11_2024"]
[SourceDate "2024.03.13"]
[SourceVersion "1"]
[SourceVersionDate "2024.03.13"]
[SourceQuality "1"]

1. e4 c5 2. Nf3 e6 3. d4 cxd4 4. Nxd4 a6 5. Nc3 b5 6. Be3 Bb7 7. f3 d6 8. Qd2 Nf6 9. 0-0-0 Be7 10. Bd3 Nbd7 11. Nb3 0-0 12. h4 Rc8 13. g4 Ne5 14. g5 Nfd7 15. f4 b4 16. fxe5 bxc3 17. bxc3 Nxe5 18. Bf4 Qb6 19. Be3 Qc7 20. Kb1 Nc4 21. Qe1 Nxe3 22. Qxe3 Qxc3 23. Qd2 Qc7 24. h5 f5 25. Rhe1 fxe4 26. Bxe4 Bxe4 27. Rxe4 Bxg5 28. Qd3 e5 29. Re2 Qc6 30. Qxd6 Rfd8 31. Qxd8+ Rxd8 0-1

[Event "LTU-ch (Women)"]
[Site "Panevezys"]
[Date "2023.08.20"]
[Round "4"]
[White "Sibajeva, Marija"]
[Black "Baginskaite, Camilla"]
[Result "1-0"]
[WhiteElo "2057"]
[BlackElo "2126"]
[PlyCount "87"]
[EventDate "2023.08.18"]
[EventType "tourn"]
[EventRounds "5"]
[EventCountry "LTU"]
[SourceTitle "EXT 2024"]
[Source "ChessBase"]
[SourceDate "2023.10.10"]
[SourceVersion "1"]
[SourceVersionDate "2023.10.10"]
[SourceQuality "1"]

1. e4 c5 2. Nf3 d6 3. d4 cxd4 4. Nxd4 Nf6 5. Nc3 a6 6. h3 e5 7. Nb3 Be6 8. f4 exf4 9. Bxf4 Nc6 10. Qe2 Be7 11. 0-0-0 Qc7 12. Kb1 Rc8 13. g4 h5 14. g5 Nd7 15. Nd5 Bxd5 16. exd5 Nce5 17. Nd4 g6 18. h4 Qc4 19. Qg2 Qb4 20. Rh3 Rc7 21. Rb3 Qa4 22. Qd2 Nc5 23. Nb5 Rd7 24. Ra3 Nc4 25. Nxd6+ Rxd6 26. Bxc4 Qxc4 27. Bxd6 Bxd6 28. Qe3+ Kd8 29. Rc3 Qe4 30. Qf2 Qe7 31. Re3 Ne4 32. Rxe4 Qxe4 33. Qf6+ Kd7 34. Qxh8 Be5 35. Qf8 Qf3 36. Re1 Qxd5 37. Rf1 Qd4 38. Qxf7+ Kc8 39. c3 Qe4+ 40. Ka1 Kb8 41. Qf8+ Kc7 42. Qc5+ Kd7 43. Rf7+ Ke6 44. Qe7+ 1-0

[Event "LTU-ch (Women)"]
[Site "Panevezys"]
[Date "2023.08.20"]
[Round "5"]
[White "Sukyte, Kotryna"]
[Black "Sibajeva, Marija"]
[Result "1/2-1/2"]
[WhiteElo "1684"]
[BlackElo "2057"]
[PlyCount "48"]
[EventDate "2023.08.18"]
[EventType "tourn"]
[EventRounds "5"]
[EventCountry "LTU"]
[SourceTitle "EXT 2024"]
[Source "ChessBase"]
[SourceDate "2023.10.10"]
[SourceVersion "1"]
[SourceVersionDate "2023.10.10"]
[SourceQuality "1"]

1. d4 d5 2. c4 e6 3. Nc3 Nf6 4. cxd5 exd5 5. Bg5 Be7 6. e3 0-0 7. Bd3 h6 8. Bh4 Re8 9. Nge2 Nbd7 10. 0-0 c6 11. f3 b5 12. a3 a5 13. b3 Ba6 14. Bf2 Qb6 15. e4 dxe4 16. fxe4 Ng4 17. Qe1 Bg5 18. Ng3 Re6 19. Kh1 Nxf2+ 20. Qxf2 Rf8 21. Rad1 Rf6 22. Qc2 Rxf1+ 23. Bxf1 Nf6 24. h3 Rd8 1/2-1/2

[Event "LTU-ch (Women)"]
[Site "Panevezys"]
[Date "2023.08.19"]
[Round "3"]
[White "Martynkova, Olena"]
[Black "Sibajeva, Marija"]
[Result "1-0"]
[WhiteElo "2241"]
[BlackElo "2057"]
[PlyCount "61"]
[EventDate "2023.08.18"]
[EventType "tourn"]
[EventRounds "5"]
[EventCountry "LTU"]
[SourceTitle "EXT 2024"]
[Source "ChessBase"]
[SourceDate "2023.10.10"]
[SourceVersion "1"]
[SourceVersionDate "2023.10.10"]
[SourceQuality "1"]

1. d4 d5 2. Nf3 Nf6 3. c4 e6 4. g3 Be7 5. Bg2 0-0 6. 0-0 c6 7. Nc3 b6 8. Ne5 Bb7 9. b3 Na6 10. Bb2 Rc8 11. Rc1 Qd6 12. a3 dxc4 13. Nxc4 Qb8 14. e4 c5 15. e5 Nd5 16. Nxd5 exd5 17. Ne3 Rfd8 18. Qg4 g6 19. e6 Bf6 20. Qf3 Bg7 21. Qxf7+ Kh8 22. e7 Re8 23. Nxd5 Bxd5 24. Bxd5 Nc7 25. Bc6 Rg8 26. Bd7 Rce8 27. Ba1 Qb7 28. Bxe8 Nxe8 29. dxc5 Bxa1 30. Rxa1 bxc5 31. Rad1 1-0

[Event "Klaipeda Sea op-A 20th"]
[Site "Klaipeda"]
[Date "2023.07.28"]
[Round "3"]
[White "Sibajeva, Marija"]
[Black "Levitsky, Andrey"]
[Result "1-0"]
[WhiteElo "2034"]
[BlackElo "2295"]
[PlyCount "111"]
[EventDate "2023.07.26"]
[EventType "swiss"]
[EventRounds "6"]
[EventCountry "LTU"]
[SourceTitle "CBM 215 Extra"]
[Source "ChessBase"]
[SourceDate "2023.09.30"]
[SourceVersion "1"]
[SourceVersionDate "2023.09.30"]
[SourceQuality "1"]

1. e4 c5 2. Nf3 Nf6 3. e5 Nd5 4. Nc3 e6 5. Nxd5 exd5 6. d4 Nc6 7. c3 d6 8. Bb5 Bg4 9. 0-0 dxe5 10. dxe5 Be7 11. Qa4 Qc8 12. Rd1 Bxf3 13. gxf3 Qe6 14. Qg4 0-0 15. Bxc6 bxc6 16. Qg3 a5 17. Kh1 f5 18. Rg1 Rf7 19. b3 Kh8 20. Bd2 Rg8 21. f4 Bd8 22. Qf3 Bb6 23. Rg3 Ra8 24. Qh5 g6 25. Qh6 Rg7 26. h4 c4 27. Be3 Bxe3 28. fxe3 cxb3 29. axb3 d4 30. exd4 Qxb3 31. Rag1 Qd5+ 32. Kh2 Rb8 33. R1g2 Re8 34. Rxg6 Rxg6 35. Rxg6 Rg8 36. Rxg8+ Qxg8 37. Qf6+ Qg7 38. Qd8+ Qg8 39. Qxa5 Qc4 40. Qd8+ Kg7 41. Qf6+ Kg8 42. Qxf5 Qe2+ 43. Kg3 h5 44. Qc8+ Kg7 45. Qxc6 Qe3+ 46. Qf3 Qg1+ 47. Kh3 Kf8 48. Qxh5 Qh1+ 49. Kg4 Qg1+ 50. Kf5 Qb1+ 51. Kf6 Qb6+ 52. Kg5 Qd8+ 53. Kh6 Qd7 54. Qg6 Qh3 55. Qf6+ Ke8 56. e6 1-0

[Event "Klaipeda Sea op-A 20th"]
[Site "Klaipeda"]
[Date "2023.07.27"]
[Round "2"]
[White "Pidluznij, Matvej"]
[Black "Sibajeva, Marija"]
[Result "0-1"]
[WhiteElo "1481"]
[BlackElo "2034"]
[PlyCount "78"]
[EventDate "2023.07.26"]
[EventType "swiss"]
[EventRounds "6"]
[EventCountry "LTU"]
[SourceTitle "CBM 215 Extra"]
[Source "ChessBase"]
[SourceDate "2023.09.30"]
[SourceVersion "1"]
[SourceVersionDate "2023.09.30"]
[SourceQuality "1"]

1. d4 d5 2. Nf3 Nf6 3. c4 e6 4. g3 c6 5. Qc2 Nbd7 6. Nbd2 Bd6 7. e4 e5 8. Bg2 dxe4 9. Nxe4 Nxe4 10. Qxe4 0-0 11. 0-0 Nf6 12. Qc2 exd4 13. c5 Be7 14. b4 d3 15. Qd2 Ne4 16. Qe3 Bf6 17. Rb1 Nc3 18. Rb3 Re8 19. Qd2 Re2 20. Qf4 Rxa2 21. Kh1 Be6 22. Ra3 Ne2 23. Qe3 Nxc1 24. Qxc1 Bb2 25. Qf4 Rxa3 26. Ng5 Bd5 27. f3 Ra1 28. Rxa1 Bxa1 29. Qf5 g6 30. Qg4 d2 31. h4 d1Q+ 32. Kh2 h6 33. Nh3 Be6 34. Qe4 Bxh3 35. Kxh3 Q8d5 36. Qxg6+ fxg6 37. f4 Qf5+ 38. g4 Qfxg4+ 39. Kh2 Qde2 0-1

[Event "Klaipeda Sea op-A 20th"]
[Site "Klaipeda"]
[Date "2023.07.26"]
[Round "1"]
[White "Sibajeva, Marija"]
[Black "Ziura, Arvydas"]
[Result "1-0"]
[WhiteElo "2034"]
[BlackElo "1250"]
[PlyCount "63"]
[EventDate "2023.07.26"]
[EventType "swiss"]
[EventRounds "6"]
[EventCountry "LTU"]
[SourceTitle "CBM 215 Extra"]
[Source "ChessBase"]
[SourceDate "2023.09.30"]
[SourceVersion "1"]
[SourceVersionDate "2023.09.30"]
[SourceQuality "1"]

1. e4 e5 2. Nf3 Nf6 3. Nc3 d6 4. d4 exd4 5. Nxd4 c5 6. Bb5+ Bd7 7. Bxd7+ Qxd7 8. Nf3 Nc6 9. 0-0 Be7 10. Bg5 h6 11. Bxf6 gxf6 12. Nh4 Nd4 13. Ne2 Ne6 14. Nf5 0-0-0 15. Qd3 Rdg8 16. Rad1 Kc7 17. f4 Rd8 18. Nc3 Kb8 19. Nd5 Bf8 20. Qc3 Qc6 21. Qxf6 Bg7 22. Nxg7 Nxg7 23. Qxg7 Rhg8 24. Qf6 Qa4 25. Ne7 Ka8 26. Nxg8 Rxg8 27. Qxd6 a6 28. Qd3 c4 29. Qc3 Qc6 30. Rd4 Qb6 31. Kh1 Qg6 32. Qd2 1-0

[Event "Olympiad Women-44"]
[Site "Chennai"]
[Date "2022.08.02"]
[Round "5.3"]
[White "Sibajeva, Marija"]
[Black "Yao, Lan"]
[Result "0-1"]
[WhiteElo "2032"]
[BlackElo "2274"]
[PlyCount "80"]
[EventDate "2022.07.29"]
[EventType "team-swiss"]
[EventRounds "11"]
[EventCountry "IND"]
[SourceTitle "CBM 210"]
[Source "ChessBase"]
[SourceDate "2022.10.31"]
[SourceVersion "1"]
[SourceVersionDate "2022.10.31"]
[SourceQuality "1"]
[WhiteTeam "Lithuania (W)"]
[BlackTeam "England (W)"]
[WhiteTeamCountry "LTU"]
[BlackTeamCountry "ENG"]

1. e4 c5 2. Nf3 e6 3. d4 cxd4 4. Nxd4 Nc6 5. Nc3 Qc7 6. Ndb5 Qb8 7. Be3 a6 8. Bb6 axb5 9. Nxb5 Bb4+ 10. c3 Ba5 11. Nc7+ Qxc7 12. Bxc7 Bxc7 13. Qg4 g6 14. Bb5 Nge7 15. h4 Ne5 16. Qe2 h5 17. Qe3 b6 18. 0-0 0-0 19. Be2 d5 20. f4 Ng4 21. Bxg4 hxg4 22. h5 dxe4 23. hxg6 Nxg6 24. Qxe4 Ra5 25. g3 Rd5 26. f5 Re5 27. Qc4 Rc5 28. Qxg4 exf5 29. Qb4 Be6 30. Rf3 Rc4 31. Qb5 Rg4 32. Kf2 Ne5 33. Rf4 Rg6 34. Rh4 Bd7 35. Qe2 Ng4+ 36. Kg2 Re8 37. Qd3 Ne3+ 38. Kf3 Rxg3+ 39. Kf2 Rg2+ 40. Ke1 Bg3# 0-1

[Event "Olympiad Women-44"]
[Site "Chennai"]
[Date "2022.07.31"]
[Round "3.3"]
[White "Sibajeva, Marija"]
[Black "Khalil, Manar"]
[Result "1/2-1/2"]
[WhiteElo "2032"]
[BlackElo "1831"]
[PlyCount "123"]
[EventDate "2022.07.29"]
[EventType "team-swiss"]
[EventRounds "11"]
[EventCountry "IND"]
[SourceTitle "CBM 210"]
[Source "ChessBase"]
[SourceDate "2022.10.31"]
[SourceVersion "1"]
[SourceVersionDate "2022.10.31"]
[SourceQuality "1"]
[WhiteTeam "Lithuania (W)"]
[BlackTeam "Syria (W)"]
[WhiteTeamCountry "LTU"]
[BlackTeamCountry "SYR"]

1. e4 c5 2. Nf3 Nc6 3. Bb5 e6 4. 0-0 Nge7 5. Re1 a6 6. Bf1 Ng6 7. c3 d6 8. d4 cxd4 9. cxd4 Be7 10. Nc3 0-0 11. d5 Nce5 12. Nd4 Bg5 13. g3 Bxc1 14. Rxc1 Qg5 15. Bg2 Nc4 16. Qb3 b5 17. a4 Qd2 18. Nc2 Nge5 19. Red1 Qh6 20. axb5 Nd2 21. Rxd2 Qxd2 22. Rd1 Qh6 23. f4 Nd7 24. dxe6 Qxe6 25. Qxe6 fxe6 26. e5 Rb8 27. Rxd6 axb5 28. Nd4 Rb6 29. Rxe6 b4 30. Nd5 Rb8 31. Rd6 Nc5 32. Nc6 Ra8 33. Ndxb4 Ra1+ 34. Kf2 Rb1 35. Rd2 Be6 36. Rc2 Na4 37. Nd4 Rb8 38. Ndc6 Rb6 39. Ne7+ Kf7 40. Ned5 Rb8 41. b3 Rxb3 42. Rc7+ Kf8 43. Rc6 Rb2+ 44. Nc2 Rd8 45. Nde3 Bd7 46. Rd6 Nc5 47. Rd2 Rc8 48. Ke1 Bb5 49. Bf1 Ne4 50. Rd4 Rb1+ 51. Rd1 Rxd1+ 52. Kxd1 Rd8+ 53. Ke1 Bxf1 54. Nxf1 Ke7 55. Nce3 Ke6 56. Ke2 g6 57. Kf3 Nd2+ 58. Nxd2 Rxd2 59. h3 Rh2 60. Ng4 Ra2 61. Nf6 h5 62. Ne4 1/2-1/2

[Event "LTU-ch (Women)"]
[Site "Kaunas"]
[Date "2022.05.27"]
[Round "7"]
[White "Sibajeva, Marija"]
[Black "Plutaite, Ausra"]
[Result "1-0"]
[WhiteElo "2023"]
[BlackElo "1544"]
[PlyCount "39"]
[EventDate "2022.05.22"]
[EventType "tourn"]
[EventRounds "9"]
[EventCountry "LTU"]
[SourceTitle "CBM 208 Extra"]
[Source "ChessBase"]
[SourceDate "2022.07.31"]
[SourceVersion "1"]
[SourceVersionDate "2022.07.31"]
[SourceQuality "1"]

1. e4 e6 2. d4 d5 3. Nd2 Nf6 4. e5 Nfd7 5. Bd3 c5 6. c3 Nc6 7. Ne2 cxd4 8. cxd4 f6 9. exf6 Qxf6 10. Nb3 Bd6 11. Ng3 0-0 12. 0-0 e5 13. dxe5 Ndxe5 14. Be2 d4 15. f4 Nd7 16. Bc4+ Kh8 17. Ne4 Qe7 18. Ng5 h6 19. Qd3 hxg5 20. Qh3# 1-0

[Event "LTU-ch (Women)"]
[Site "Kaunas"]
[Date "2022.05.24"]
[Round "3"]
[White "Zykiene, Rita"]
[Black "Sibajeva, Marija"]
[Result "0-1"]
[WhiteElo "1728"]
[BlackElo "2023"]
[PlyCount "112"]
[EventDate "2022.05.22"]
[EventType "tourn"]
[EventRounds "9"]
[EventCountry "LTU"]
[SourceTitle "CBM 208 Extra"]
[Source "ChessBase"]
[SourceDate "2022.07.31"]
[SourceVersion "1"]
[SourceVersionDate "2022.07.31"]
[SourceQuality "1"]

1. d4 d5 2. c4 dxc4 3. e4 e5 4. d5 Nf6 5. Nc3 b5 6. Bg5 Bc5 7. Nf3 b4 8. Bxf6 Qxf6 9. Na4 Bd6 10. Bxc4 Qg6 11. Qd3 0-0 12. Nh4 Qg4 13. g3 f5 14. f3 fxe4 15. Qxe4 Qh5 16. Be2 Bb7 17. 0-0 Qf7 18. Bd3 g6 19. Bc4 Nd7 20. Rad1 Nf6 21. Qd3 Qd7 22. b3 Qh3 23. Qe2 Kh8 24. Qg2 Qd7 25. Qd2 Qg7 26. Ng2 Bc8 27. h4 Nh5 28. g4 Nf4 29. Nxf4 Rxf4 30. Qg2 Qh6 31. Qh3 e4 32. Be2 exf3 33. Bxf3 Ba6 34. Rf2 Raf8 35. g5 Rxh4 36. gxh6 Rxh3 37. Bg4 Rxh6 38. Rxf8+ Bxf8 39. Re1 Bb5 40. Kg2 Bd6 41. Bh3 Rh5 42. Rd1 Re5 43. Rd2 Re2+ 44. Rxe2 Bxe2 45. Kf2 Bd3 46. Bg4 h5 47. Bf3 Bb1 48. Bd1 Be4 49. Nb2 Bxd5 50. Nc4 Bxc4 51. bxc4 Kg7 52. Ke3 a5 53. Ke4 h4 54. Bg4 a4 55. Kd3 Kf6 56. Bd7 a3 0-1

[Event "LTU-ch (Women)"]
[Site "Kaunas"]
[Date "2022.05.23"]
[Round "2"]
[White "Sibajeva, Marija"]
[Black "Martynkova, Olena"]
[Result "1/2-1/2"]
[WhiteElo "2023"]
[BlackElo "2204"]
[PlyCount "75"]
[EventDate "2022.05.22"]
[EventType "tourn"]
[EventRounds "9"]
[EventCountry "LTU"]
[SourceTitle "CBM 208 Extra"]
[Source "ChessBase"]
[SourceDate "2022.07.31"]
[SourceVersion "1"]
[SourceVersionDate "2022.07.31"]
[SourceQuality "1"]

1. e4 e5 2. Nf3 Nc6 3. Bc4 Bc5 4. 0-0 Nf6 5. d4 Bxd4 6. Nxd4 Nxd4 7. f4 d6 8. fxe5 dxe5 9. Bg5 Be6 10. Na3 Qe7 11. c3 Nc6 12. Bxf6 gxf6 13. Rf2 Rg8 14. Bxe6 fxe6 15. Qf1 0-0-0 16. Nc4 Rg4 17. Re1 Rdg8 18. g3 h5 19. Rxf6 h4 20. Kg2 hxg3 21. h3 R4g7 22. Re3 Rd8 23. a4 a6 24. a5 Qe8 25. Rff3 Qh5 26. Rxg3 Rgd7 27. Qf3 Qh6 28. Qg4 Kb8 29. Re1 Qf8 30. b4 Rd3 31. Rxd3 Rxd3 32. Re3 Rd8 33. Qf3 Qh6 34. Qe2 Qg5+ 35. Qg4 Qh6 36. Qe2 Qg5+ 37. Qg4 Qh6 38. Qe2 1/2-1/2

[Event "LTU-ch (Women)"]
[Site "Kaunas"]
[Date "2022.05.22"]
[Round "1"]
[White "Zaksaite, Salomeja"]
[Black "Sibajeva, Marija"]
[Result "1-0"]
[WhiteElo "2215"]
[BlackElo "2023"]
[PlyCount "87"]
[EventDate "2022.05.22"]
[EventType "tourn"]
[EventRounds "9"]
[EventCountry "LTU"]
[SourceTitle "CBM 208 Extra"]
[Source "ChessBase"]
[SourceDate "2022.07.31"]
[SourceVersion "1"]
[SourceVersionDate "2022.07.31"]
[SourceQuality "1"]

1. e4 c5 2. Nf3 e6 3. g3 Nc6 4. Bg2 Nf6 5. Qe2 d6 6. c3 Qc7 7. 0-0 Be7 8. d4 0-0 9. Rd1 e5 10. d5 Nb8 11. Nbd2 Ne8 12. Nf1 f5 13. exf5 Bxf5 14. Ng5 Bxg5 15. Bxg5 h6 16. Bd2 Nf6 17. Ne3 Bg6 18. a4 Nbd7 19. Nc4 Nb6 20. a5 Nbxd5 21. a6 Rad8 22. axb7 Qxb7 23. Ne3 e4 24. Nxd5 Qxd5 25. h3 Qf7 26. c4 d5 27. cxd5 Rxd5 28. Be3 Rfd8 29. Bxc5 Rxd1+ 30. Rxd1 Rxd1+ 31. Qxd1 Qa2 32. Qd4 a5 33. Be7 Nd5 34. Ba3 Qb1+ 35. Kh2 Nf6 36. Qd8+ Kh7 37. Qxa5 Qc2 38. Qc5 Qb3 39. Qd4 Qb5 40. Bc5 Qb3 41. Be7 Qe6 42. Bxf6 Qxf6 43. Qxf6 gxf6 44. g4 1-0

[Event "LTU-chT (Women)"]
[Site "Kaunas"]
[Date "2022.03.19"]
[Round "6.2"]
[White "Sibajeva, Marija"]
[Black "Jakaityte, Ruta"]
[Result "1-0"]
[WhiteElo "2008"]
[BlackElo "2016"]
[PlyCount "105"]
[EventDate "2022.03.11"]
[EventType "team-tourn"]
[EventRounds "7"]
[EventCountry "LTU"]
[SourceTitle "EXT 2023"]
[Source "ChessBase"]
[SourceDate "2022.10.05"]
[SourceVersion "1"]
[SourceVersionDate "2022.10.05"]
[SourceQuality "1"]
[WhiteTeam "Kaunas SBK (W)"]
[BlackTeam "Panevezio (W)"]
[WhiteTeamCountry "LTU"]
[BlackTeamCountry "LTU"]

1. e4 c5 2. Nf3 a6 3. c4 d6 4. d4 cxd4 5. Nxd4 Nf6 6. Nc3 g6 7. Be2 Bg7 8. 0-0 0-0 9. Kh1 Nc6 10. Nb3 Be6 11. f4 Rb8 12. f5 Bd7 13. c5 dxc5 14. Nxc5 gxf5 15. exf5 b6 16. Nxa6 Ra8 17. Bf4 Qc8 18. Nc7 Ra5 19. N3d5 Nxd5 20. Nxd5 Bxf5 21. Rc1 Rc5 22. Nxb6 Rxc1 23. Qxc1 Qb7 24. Be3 Be4 25. Bf3 Nd4 26. Bxd4 Bxd4 27. Bxe4 Qxe4 28. Nc4 Kh8 29. Rf4 Qd3 30. Qf1 Qxf1+ 31. Rxf1 Rc8 32. b3 Ra8 33. a4 Rb8 34. Rb1 Bc3 35. a5 Kg7 36. g3 Rb5 37. a6 Bd4 38. b4 Kf6 39. Na3 Rb8 40. b5 Ke6 41. Nc4 Kd5 42. b6 Kxc4 43. a7 Re8 44. Ra1 Bxb6 45. a8Q Rxa8 46. Rxa8 h6 47. Rf8 f6 48. Rf7 Bc5 49. Rh7 e5 50. Rxh6 e4 51. Rxf6 e3 52. Re6 Kd3 53. Kg2 1-0

[Event "Klaipeda-ch"]
[Site "Klaipeda"]
[Date "2022.02.05"]
[Round "7"]
[White "Sibajeva, Marija"]
[Black "Zirnovas, Martynas"]
[Result "1-0"]
[WhiteElo "1985"]
[BlackElo "1812"]
[PlyCount "55"]
[EventDate "2022.01.15"]
[EventType "tourn"]
[EventRounds "11"]
[EventCountry "LTU"]
[SourceTitle "EXT 2023"]
[Source "ChessBase"]
[SourceDate "2022.10.05"]
[SourceVersion "1"]
[SourceVersionDate "2022.10.05"]
[SourceQuality "1"]

1. e4 c5 2. Nf3 Nc6 3. Bb5 e6 4. 0-0 Nge7 5. Re1 Ng6 6. c3 Be7 7. d4 a6 8. Bf1 d6 9. d5 Nce5 10. Nxe5 dxe5 11. c4 0-0 12. Nc3 f5 13. Be2 fxe4 14. Nxe4 exd5 15. cxd5 Bd6 16. Bg5 Qc7 17. Rc1 Bf5 18. Nxc5 Bxc5 19. Be3 Nf4 20. Bxc5 Rf6 21. Be3 Qd6 22. Bxf4 exf4 23. Bf3 g5 24. h3 Rh6 25. Qa4 b5 26. Qb3 Rc8 27. Rxc8+ Bxc8 28. Re8+ 1-0

[Event "Klaipeda-ch"]
[Site "Klaipeda"]
[Date "2022.01.22"]
[Round "3"]
[White "Sibajeva, Marija"]
[Black "Jankus, Giedrius"]
[Result "1/2-1/2"]
[WhiteElo "1985"]
[BlackElo "1712"]
[PlyCount "55"]
[EventDate "2022.01.15"]
[EventType "tourn"]
[EventRounds "11"]
[EventCountry "LTU"]
[SourceTitle "EXT 2023"]
[Source "ChessBase"]
[SourceDate "2022.10.05"]
[SourceVersion "1"]
[SourceVersionDate "2022.10.05"]
[SourceQuality "1"]

1. e4 d6 2. d4 g6 3. Nc3 Bg7 4. Nf3 Nf6 5. Bg5 0-0 6. Qd2 Re8 7. 0-0-0 c5 8. dxc5 Qa5 9. cxd6 exd6 10. Qxd6 Be6 11. Bxf6 Bxf6 12. Nd5 Bg7 13. Bc4 Nc6 14. Bb3 Rac8 15. Kb1 Red8 16. Qf4 Nb4 17. Ne7+ Kh8 18. Bxe6 fxe6 19. a3 Nxc2 20. e5 Nxa3+ 21. bxa3 Qxa3 22. Nxg6+ Kg8 23. Rxd8+ Rxd8 24. Qc4 hxg6 25. Qxe6+ Kh8 26. Qh3+ Kg8 27. Qe6+ Kh8 28. Qh3+ 1/2-1/2

[Event "Klaipeda-ch"]
[Site "Klaipeda"]
[Date "2022.01.16"]
[Round "2"]
[White "Scekaciov, Rostislav"]
[Black "Sibajeva, Marija"]
[Result "0-1"]
[WhiteElo "1726"]
[BlackElo "1985"]
[PlyCount "102"]
[EventDate "2022.01.15"]
[EventType "tourn"]
[EventRounds "11"]
[EventCountry "LTU"]
[SourceTitle "EXT 2023"]
[Source "ChessBase"]
[SourceDate "2022.10.05"]
[SourceVersion "1"]
[SourceVersionDate "2022.10.05"]
[SourceQuality "1"]

1. Nf3 c5 2. c4 Nc6 3. g3 g6 4. Bg2 Bg7 5. 0-0 e6 6. d3 Nge7 7. Nc3 d5 8. cxd5 exd5 9. Bf4 a6 10. Qd2 h6 11. h4 f6 12. Qc1 g5 13. Bd2 Be6 14. e4 Nb4 15. exd5 Nxd3 16. Qc2 Nb4 17. Qa4+ b5 18. Nxb5 axb5 19. Qxb5+ Qd7 20. Qxd7+ Bxd7 21. d6 Nec6 22. a3 Nd3 23. Bc3 0-0 24. Rad1 Nde5 25. Nxe5 fxe5 26. hxg5 hxg5 27. Bd5+ Kh7 28. Be4+ Kg8 29. Bd5+ Kh8 30. Kg2 Bf6 31. Be4 Kg7 32. Rd5 Rh8 33. Rxc5 Rac8 34. Re1 Nd4 35. Bxd4 exd4 36. Rec1 Rxc5 37. Rxc5 Rc8 38. b4 Kf7 39. Bd5+ Ke8 40. Kf3 Rb8 41. Bc6 Bxc6+ 42. Rxc6 Kd7 43. Rc5 Kxd6 44. Ke4 Re8+ 45. Kd3 Ra8 46. Ke4 Rxa3 47. f4 g4 48. Kf5 d3 49. Kxf6 d2 50. Rc8 Kd7 51. Rc4 d1Q 0-1

[Event "EU-chT (Women) 23rd"]
[Site "Terme Catez"]
[Date "2021.11.20"]
[Round "8.4"]
[White "Ghukasyan, Siranush"]
[Black "Sibajeva, Marija"]
[Result "1/2-1/2"]
[WhiteElo "2168"]
[BlackElo "1946"]
[PlyCount "60"]
[EventDate "2021.11.12"]
[EventType "team-swiss"]
[EventRounds "9"]
[EventCountry "SLO"]
[SourceTitle "CBM 205"]
[Source "ChessBase"]
[SourceDate "2021.12.31"]
[SourceVersion "1"]
[SourceVersionDate "2021.12.31"]
[SourceQuality "1"]
[WhiteTeam "Armenia (W)"]
[BlackTeam "Lithuania (W)"]
[WhiteTeamCountry "ARM"]
[BlackTeamCountry "LTU"]

1. e4 d5 2. exd5 Qxd5 3. Nc3 Qa5 4. d4 Nf6 5. Nf3 Bf5 6. Bc4 e6 7. Bd2 Bb4 8. Nh4 Bg6 9. Nxg6 hxg6 10. Qe2 Qh5 11. 0-0-0 Qxe2 12. Bxe2 Nc6 13. Nb5 Bxd2+ 14. Rxd2 0-0-0 15. Bf3 a6 16. Bxc6 bxc6 17. Na3 Ne4 18. Re2 Rxd4 19. c3 Ra4 20. Nc2 Nd6 21. Nb4 Kb7 22. Re5 Rh5 23. Rhe1 Ra5 24. Rxa5 Rxa5 25. a3 Rg5 26. g3 Rf5 27. Nd3 Kb6 28. Kc2 g5 29. Re2 g4 30. Ne5 Rg5 1/2-1/2

[Event "EU-chT (Women) 23rd"]
[Site "Terme Catez"]
[Date "2021.11.19"]
[Round "7.4"]
[White "Hristodoulaki, Antonia"]
[Black "Sibajeva, Marija"]
[Result "1/2-1/2"]
[WhiteElo "2075"]
[BlackElo "1946"]
[PlyCount "98"]
[EventDate "2021.11.12"]
[EventType "team-swiss"]
[EventRounds "9"]
[EventCountry "SLO"]
[SourceTitle "CBM 205"]
[Source "ChessBase"]
[SourceDate "2021.12.31"]
[SourceVersion "1"]
[SourceVersionDate "2021.12.31"]
[SourceQuality "1"]
[WhiteTeam "Greece (W)"]
[BlackTeam "Lithuania (W)"]
[WhiteTeamCountry "GRE"]
[BlackTeamCountry "LTU"]

1. e4 d5 2. exd5 Qxd5 3. Nc3 Qa5 4. d4 Nf6 5. Nf3 Bf5 6. Bc4 e6 7. Bd2 Bb4 8. a3 Bxc3 9. Bxc3 Qb6 10. 0-0 0-0 11. b3 Nc6 12. a4 a5 13. Bb2 Rfd8 14. Qe2 Nb4 15. Rac1 Nfd5 16. Qd2 h6 17. c3 Na6 18. Ba3 c5 19. Rfe1 cxd4 20. Nxd4 Nxc3 21. Qxc3 Qxd4 22. Qxa5 Qd2 23. Qe5 Nb4 24. Bb2 Qg5 25. Re3 Nd3 26. Bxd3 Rxd3 27. Rce1 Rad8 28. Rg3 Rxg3 29. hxg3 f6 30. Qc3 Rd3 31. Qc8+ Kh7 32. Bc3 e5 33. Qc4 Qg4 34. Qxg4 Bxg4 35. Rc1 Rd1+ 36. Rxd1 Bxd1 37. a5 Bxb3 38. f3 Kg6 39. Kf2 h5 40. Ke3 Kf5 41. Bb4 Bd5 42. Be1 g5 43. Bf2 Ke6 44. Be1 f5 45. Bb4 f4+ 46. gxf4 exf4+ 47. Kf2 g4 48. fxg4 hxg4 49. g3 f3 1/2-1/2

[Event "LTU-ch (Women)"]
[Site "Vilnius"]
[Date "2021.10.23"]
[Round "2"]
[White "Zykiene, Rita"]
[Black "Sibajeva, Marija"]
[Result "0-1"]
[WhiteElo "1765"]
[BlackElo "1939"]
[PlyCount "118"]
[EventDate "2021.10.22"]
[EventType "swiss"]
[EventRounds "7"]
[EventCountry "LTU"]
[SourceTitle "CBM 204 Extra"]
[Source "ChessBase"]
[SourceDate "2021.11.30"]
[SourceVersion "1"]
[SourceVersionDate "2021.11.30"]
[SourceQuality "1"]

1. d4 d5 2. Nf3 c5 3. g3 cxd4 4. Nxd4 e5 5. Nb3 Nc6 6. Bg2 Be6 7. 0-0 a5 8. a4 Nf6 9. Bg5 Be7 10. Nc3 Nb4 11. Nb5 0-0 12. Bxf6 Bxf6 13. Nc5 Qb6 14. Nxe6 fxe6 15. c3 Na6 16. e3 Rac8 17. Qe2 Nc7 18. Nxc7 Rxc7 19. f4 exf4 20. gxf4 Rc4 21. Kh1 Qc6 22. f5 e5 23. Qd2 e4 24. Rfd1 Rd8 25. Qc2 Qb6 26. Bf1 Rc6 27. Bb5 Rcd6 28. Re1 Be5 29. Re2 Rh6 30. c4 Qf6 31. cxd5 Qxf5 32. Rf2 Qh3 33. Raf1 Qxe3 34. Qe2 Qxe2 35. Rxe2 Rf8 36. Rxf8+ Kxf8 37. b3 Rh4 38. Bd7 Ke7 39. Be6 Kd6 40. h3 Kc5 41. Kg2 Kd4 42. Kf2 Rf4+ 43. Ke1 e3 44. d6 Bxd6 45. Rg2 Rf2 46. Rg4+ Ke5 47. Bc4 Bb4+ 48. Kd1 Rd2+ 49. Ke1 h6 50. Be2 g5 51. Kf1 Rb2 52. h4 Kf5 53. Rd4 Rxb3 54. hxg5 hxg5 55. Bd3+ Ke5 56. Re4+ Kd5 57. Rxe3 Kd4 58. Ke2 Rb2+ 59. Kf3 g4+ 0-1